|
|
|
|
| LEADER |
00000cas a2200000 a 4500 |
| 001 |
vtls008959417 |
| 003 |
SK-MaSNL |
| 005 |
20260228163804.0 |
| 008 |
070328d19451951xr mr 0 0cze c |
| 040 |
|
|
|a SNK
|b slo
|c SNK
|e AACR2
|
| 041 |
0 |
|
|a cze
|
| 044 |
|
|
|a xr
|c CZ
|
| 072 |
|
7 |
|a 338.3/.4
|x Hospodárske a výrobné odvetvia
|2 konspekt
|
| 072 |
|
7 |
|a 33
|x Ekonómia
|2 konspekt
|
| 080 |
|
|
|a 338.45
|2 2011
|
| 080 |
|
|
|a 33
|2 2011
|
| 080 |
|
|
|a 050
|2 2011
|
| 080 |
|
|
|a (051)-027.561
|2 2011
|
| 245 |
0 |
0 |
|a Československý průmysl
|b orgán Ministerstva průmyslu pro průmyslovou a řemeslnou výrobu
|
| 260 |
|
|
|a Praha
|b Průmyslové vydavatelství
|c 1945-1951
|
| 310 |
|
|
|a 1x mesačne
|
| 362 |
0 |
|
|a Roč. 1 (1945)-roč. 7 (1951)
|
| 650 |
0 |
7 |
|a priemysel
|2 SNKPH
|9 1618
|
| 650 |
0 |
7 |
|a ekonomika
|2 SNKPH
|9 789
|
| 655 |
|
7 |
|a odborné časopisy
|2 SNKPH
|9 70505
|
| 710 |
1 |
|
|a Československo.
|b Ministerstvo průmyslu
|9 274699
|
| 770 |
0 |
|
|t Věstník ministerstva průmyslu
|
| 770 |
0 |
|
|t Československo
|
| 910 |
|
|
|a snk
|
| 999 |
|
|
|c 10883
|d 12813
|
| 952 |
|
|
|0 0
|1 1
|4 0
|7 0
|8 1
|a SNK
|b SNK
|d 2007-03-28
|i snkD 474/81
|l 0
|o snkČB 2356/1947
|p 17A0546025
|r 2026-02-21 20:38:29
|w 2026-02-21
|y PREZ
|
| 952 |
|
|
|0 0
|1 1
|4 0
|7 0
|8 5
|a SNK
|b SNK
|d 2007-03-28
|i snkČIF 106/57
|l 0
|o snkČB 2356/1948
|p 17A0546137
|r 2026-02-21 20:38:29
|w 2026-02-21
|y PREZ
|